000 00353nam a2200145Ia 4500
008 210210b1968 xxu||||| |||| 00| 0 eng d
041 _aeng
082 _a512/26
100 _aKRISHNAMURTHY (V)
245 _aTrigonometry
260 _aMadras
_bThe National Publishing Co
_c1968
650 _aTrigonometry
690 _aTrigonometry
906 _a007229
999 _c139636
_d139636